[Event "GER MS-255 email"]
[Site "GER email"]
[Date "2017.01.23"]
[Round "?"]
[White "Vieth, Martin"]
[Black "Rau, Johann"]
[Result "1/2-1/2"]
[WhiteElo "1895"]
[BlackElo "2153"]
[PlyCount "69"]
[EventDate "2017.01.27"]
[EventType "tourn (corr)"]
[EventRounds "6"]
[EventCountry "GER"]
[SourceTitle "Corr 2020"]
[Source "ChessBase"]
[SourceDate "2019.09.30"]
[SourceVersion "1"]
[SourceVersionDate "2019.09.30"]
[SourceQuality "1"]

1. e4 c5 2. Nf3 d6 3. Bb5+ Bd7 4. Bxd7+ Nxd7 5. d3 e6 6. a4 Ne7 7. Bf4 Nc6 8. c3 Be7 9. 0-0 0-0 10. h3 Nde5 11. Na3 Nxf3+ 12. Qxf3 Qd7 13. Nc4 Rad8 14. Qe2 f6 15. Rfe1 Rfe8 16. Na3 Bf8 17. Red1 d5 18. Nc2 e5 19. Bg3 d4 20. cxd4 exd4 21. Qg4 Qf7 22. Na3 a6 23. Qf3 Na5 24. Rac1 Rd7 25. Qg4 g6 26. Rc2 b6 27. Rcc1 Kg7 28. Nc4 Nxc4 29. Rxc4 a5 30. Rcc1 Rde7 31. Qf3 h5 32. Rb1 Qb3 33. Ra1 Rf7 34. Re1 c4 35. e5 1/2-1/2